Role osobnosti a edukace pro kompetence sociálních pracovníků

Súčasná problematika kompetencií sociálnych pracovníkov v ČR. Proces a rozvoj odborného vzdelávania, najmä praktické využitie zručností, ktoré je v značnej miere determinované osobnosťou sociálneho pracovníka.

Salvato in:
Dettagli Bibliografici
Autore principale: Pajmová, Martina
Altri autori: Elichová, Markéta
Natura: Capitolo di libro
Lingua:ceco
Soggetti:
Tags: Aggiungi Tag
Nessun Tag, puoi essere il primo ad aggiungerne!!

MARC

LEADER 00000naa a2200000 4500
001 0196601
005 20220729110706.0
041 0 |a cze 
044 |a CZ 
245 1 0 |a Role osobnosti a edukace pro kompetence sociálních pracovníků  |c Martina Pajmová, Markéta Elichová 
520 |a Súčasná problematika kompetencií sociálnych pracovníkov v ČR. Proces a rozvoj odborného vzdelávania, najmä praktické využitie zručností, ktoré je v značnej miere determinované osobnosťou sociálneho pracovníka. 
610 2 0 |a práca sociálna 
610 2 0 |a povolanie 
610 2 0 |a pracovníci sociálni 
610 2 0 |a náročnosť profesionálna 
610 2 0 |a zručnosti 
610 2 0 |a kompetencie 
610 2 0 |a vzdelávanie celoživotné 
100 1 |a Pajmová, Martina 
700 1 |a Elichová, Markéta